| 000 | 01082nam a22002537a 4500 | ||
|---|---|---|---|
| 005 | 20150114121305.0 | ||
| 008 | 150109b2012 ck || |r|||| 00| 0 spa d | ||
| 020 | _a9789585745025 | ||
| 040 |
_aCO-BoIAVH _cCO-BoIAVH |
||
| 041 | _aspa | ||
| 044 | _ack | ||
| 090 |
_aEA _b00241 |
||
| 100 | 1 |
_aPardo, Andrés _931233 |
|
| 245 |
_aManual Práctico para Actividades de Servicio del Sector Transporte Hidrocarburos para el Departamento del Meta _cAndrés, Pardo...(et al.) |
||
| 260 |
_aVillavicencio : _bCorporación para el Desarrollo Sostenible La Macarena, _bEcopetrol, _c2012 |
||
| 300 |
_a52 pag _bTab, il, fot (col). _c28 cm |
||
| 650 | 6 |
_aTransporte _xProductos químicos _zMeta (Dpt. Colombia) _931461 |
|
| 650 |
_aTransporte _xSustancias peligrosas _zMeta (Dpt. Colombia) _931462 |
||
| 650 |
_aTransporte _xAspectos ambientales _zMeta (Dpt. Colombia) _931463 |
||
| 650 | 6 |
_aTransporte _xResiduos Industriales _zMeta (Dpt. Colombia) _931464 |
|
| 650 |
_aTransporte _xMedidas de Seguridad _zMeta (Dpt. Colombia) _931465 |
||
| 700 |
_aLeal-Rubiano, Julio _931234 |
||
| 942 |
_2z _cLIBRO |
||
| 999 |
_c8945 _d8945 |
||